|
|
|
|
| LEADER |
01419nam a22003137a 4500 |
| 001 |
34236 |
| 003 |
BD-DhAAL |
| 005 |
20190206170313.0 |
| 008 |
190206t2016 stk||||| |||| 00| 1 eng d |
| 999 |
|
|
|c 40138
|d 40138
|
| 020 |
|
|
|a 9780061478987
|
| 020 |
|
|
|a 9781847679789
|
| 040 |
|
|
|a BD-DhAAL
|
| 082 |
|
|
|a 823.92
|2 23
|
| 100 |
|
|
|a Anam, Tahmima
|9 29901
|
| 245 |
|
|
|a The bones of grace /
|c Tahmima Anam
|
| 260 |
|
|
|a Edinburgh :
|b Canongate Books,
|c c2016
|
| 300 |
|
|
|a 411 pages ;
|c 20 cm.
|
| 500 |
|
|
|a First published: Edinburgh : Canongate Books Ltd, 2016
|
| 520 |
|
|
|a The highly acclaimed romantic tragedy of love, migration, and the search for identity from the Granta 'Best of Young British' author
|
| 526 |
|
|
|a ENH
|
| 541 |
|
|
|a Trim Education
|d 34236, 34237
|
| 650 |
|
|
|a Self-actualization (Psychology) in women
|v Fiction.
|9 29902
|
| 650 |
|
|
|a Self-realization in women
|v Fiction.
|9 29903
|
| 650 |
|
|
|a Culture conflict
|v Fiction.
|9 29904
|
| 852 |
|
|
|a Ayesha Abed Library
|c General Stacks
|
| 942 |
|
|
|2 ddc
|c BK
|
| 952 |
|
|
|0 0
|1 0
|2 ddc
|4 0
|6 823_920000000000000_ANA
|7 0
|9 64771
|a BRACUL
|b BRACUL
|c GEN
|d 2018-12-09
|e Trim Education
|g 2110.00
|l 3
|m 27
|o 823.92 ANA
|p 3010034236
|r 2022-05-30
|s 2020-03-05
|t 1
|v 2110.00
|w 2018-12-09
|y BK
|
| 952 |
|
|
|0 0
|1 0
|2 ddc
|4 0
|6 823_920000000000000_ANA
|7 0
|9 64772
|a BRACUL
|b BRACUL
|c GEN
|d 2018-12-09
|e Trim Education
|g 2110.00
|l 8
|m 30
|o 823.92 ANA
|p 3010034237
|r 2025-09-08
|s 2025-08-30
|t 2
|v 2110.00
|w 2018-12-09
|y BK
|